<?xml version="1.0" encoding="UTF-8"?>
<record
    xmlns:xsi="http://www.w3.org/2001/XMLSchema-instance"
    xsi:schemaLocation="http://www.loc.gov/MARC21/slim http://www.loc.gov/standards/marcxml/schema/MARC21slim.xsd"
    xmlns="http://www.loc.gov/MARC21/slim">

  <leader>00448nam a22001697a 4500</leader>
  <controlfield tag="005">20240920130416.0</controlfield>
  <controlfield tag="008">240918b        |||||||| |||| 00| 0 eng d</controlfield>
  <datafield tag="020" ind1=" " ind2=" ">
    <subfield code="a">978-93-87093-41-6</subfield>
  </datafield>
  <datafield tag="041" ind1=" " ind2=" ">
    <subfield code="a">eng</subfield>
  </datafield>
  <datafield tag="082" ind1=" " ind2=" ">
    <subfield code="a">571.4</subfield>
  </datafield>
  <datafield tag="100" ind1=" " ind2=" ">
    <subfield code="a">SHARMA.DR.K.K AND CHADHA, PROF. HINA</subfield>
    <subfield code="9">8519</subfield>
  </datafield>
  <datafield tag="245" ind1=" " ind2=" ">
    <subfield code="a">REMIDIAL BIOLOGY [ 1.ST SEMESTER]</subfield>
  </datafield>
  <datafield tag="260" ind1=" " ind2=" ">
    <subfield code="a">LUCKNOW</subfield>
    <subfield code="b">THAKUR PUBLICATION PVT.LTD</subfield>
  </datafield>
  <datafield tag="300" ind1=" " ind2=" ">
    <subfield code="a">248;P</subfield>
  </datafield>
  <datafield tag="650" ind1=" " ind2=" ">
    <subfield code="a">PHARMACY</subfield>
    <subfield code="x">B.PHARMA</subfield>
  </datafield>
  <datafield tag="942" ind1=" " ind2=" ">
    <subfield code="c">BK</subfield>
  </datafield>
  <datafield tag="999" ind1=" " ind2=" ">
    <subfield code="c">8647</subfield>
    <subfield code="d">8645</subfield>
  </datafield>
  <datafield tag="952" ind1=" " ind2=" ">
    <subfield code="0">0</subfield>
    <subfield code="1">0</subfield>
    <subfield code="4">0</subfield>
    <subfield code="7">0</subfield>
    <subfield code="8">PHARMACY</subfield>
    <subfield code="a">JRU</subfield>
    <subfield code="b">JRU</subfield>
    <subfield code="c">SHELF-3-D</subfield>
    <subfield code="d">2024-09-13</subfield>
    <subfield code="e">PURCHASE</subfield>
    <subfield code="g">160.00</subfield>
    <subfield code="h">NEW ARRIVALS SHELF</subfield>
    <subfield code="l">1</subfield>
    <subfield code="m">1</subfield>
    <subfield code="o">571.4</subfield>
    <subfield code="p">28428</subfield>
    <subfield code="r">2024-11-14 13:05:07</subfield>
    <subfield code="s">2024-10-26</subfield>
    <subfield code="w">2024-09-13</subfield>
    <subfield code="y">BK</subfield>
  </datafield>
  <datafield tag="952" ind1=" " ind2=" ">
    <subfield code="0">0</subfield>
    <subfield code="1">0</subfield>
    <subfield code="4">0</subfield>
    <subfield code="7">0</subfield>
    <subfield code="8">PHARMACY</subfield>
    <subfield code="a">JRU</subfield>
    <subfield code="b">JRU</subfield>
    <subfield code="c">SHELF - 17 - I</subfield>
    <subfield code="d">2024-09-13</subfield>
    <subfield code="e">PURCHASE</subfield>
    <subfield code="g">160.00</subfield>
    <subfield code="l">1</subfield>
    <subfield code="o">571.4</subfield>
    <subfield code="p">28429</subfield>
    <subfield code="r">2025-12-19 11:09:45</subfield>
    <subfield code="s">2025-08-27</subfield>
    <subfield code="w">2024-09-13</subfield>
    <subfield code="y">BK</subfield>
  </datafield>
  <datafield tag="952" ind1=" " ind2=" ">
    <subfield code="0">0</subfield>
    <subfield code="1">0</subfield>
    <subfield code="4">0</subfield>
    <subfield code="7">0</subfield>
    <subfield code="8">PHARMACY</subfield>
    <subfield code="a">JRU</subfield>
    <subfield code="b">JRU</subfield>
    <subfield code="c">SHELF - 17 - I</subfield>
    <subfield code="d">2024-09-13</subfield>
    <subfield code="e">PURCHASE</subfield>
    <subfield code="g">160.00</subfield>
    <subfield code="l">3</subfield>
    <subfield code="m">1</subfield>
    <subfield code="o">571.4</subfield>
    <subfield code="p">28430</subfield>
    <subfield code="r">2025-10-06 17:01:24</subfield>
    <subfield code="s">2025-09-19</subfield>
    <subfield code="w">2024-09-13</subfield>
    <subfield code="y">BK</subfield>
  </datafield>
</record>
